000 00293nam a22001337a 4500
003 OSt
008 241014b |||||||| |||| 00| 0 eng d
082 _a633.7106
_bC27A
100 _aC T R I, Rajamundry
245 _aAnnual report, 1977
260 _aCTRI
300 _a129
942 _2ddc
_cPER
999 _c46392
_d46392